Normal view
MARC view
Entry Personal Name
001 - CONTROL NUMBER
- control field: 40009
003 - CONTROL NUMBER IDENTIFIER
- control field: ARRUPE
005 - DATE AND TIME OF LATEST TRANSACTION
- control field: 20180301112225.0
008 - FIXED-LENGTH DATA ELEMENTS
- fixed length control field: 180301|| aca||aabn | a|a d
040 ## - CATALOGING SOURCE
- Original cataloging agency: ARRUPE
- Transcribing agency: ARRUPE
100 ## - HEADING--PERSONAL NAME
- Personal name: Egypt--History--Chronology; Egypt--Civilization; Sumerians
670 ## - SOURCE DATA FOUND
- Source citation: Work cat.: (ARRUPE)86893: Waddell, Laurence Austine 40008, Egyptian civilization, its Sumerian origin and real chronology:, 1930